Exactly solvable models of strongly correlated electrons by Vladimir E Korepin and Fabian H L Essler (Record no. 1211564)

MARC details
000 -LEADER
fixed length control field 01122nam a2200313Ia 4500
003 - CONTROL NUMBER IDENTIFIER
control field OSt
005 - DATE AND TIME OF LATEST TRANSACTION
control field 20221007123225.0
008 - FIXED-LENGTH DATA ELEMENTS--GENERAL INFORMATION
fixed length control field 221006b |||||||| |||| 00| 0 eng d
020 ## - INTERNATIONAL STANDARD BOOK NUMBER
International Standard Book Number 9810215347 (hbd)
-- 68.00
037 ## - SOURCE OF ACQUISITION
Terms of availability Textual
040 ## - CATALOGING SOURCE
Original cataloging agency PAPL
Transcribing agency PAPL
Language of cataloging eng
041 ## - LANGUAGE CODE
Source of code eng
Language code of text/sound track or separate title eng
100 ## - MAIN ENTRY--PERSONAL NAME
Personal name Korepin Vladimir E
9 (RLIN) 716914
245 #0 - TITLE STATEMENT
Title Exactly solvable models of strongly correlated electrons by Vladimir E Korepin and Fabian H L Essler
Remainder of title Essler Fabian H L
260 ## - PUBLICATION, DISTRIBUTION, ETC.
Place of publication, distribution, etc. Singapore
Name of publisher, distributor, etc. World Scientific
Date of publication, distribution, etc. 1994
300 ## - PHYSICAL DESCRIPTION
Extent 490p
Dimensions cm.
490 ## - SERIES STATEMENT
Series statement Advanced series in mathematical physics
500 ## - GENERAL NOTE
General note ^mPurchase^n23/CSL/Carpa/95-96/2570^d1995-05-15; ; 95-96/70^b1995-05-34^cP/9^d1995-05-18^eNavayug Traders^f1995-05-24^hLPT; ; 1995-06-09^bSB
650 ## - SUBJECT ADDED ENTRY--TOPICAL TERM
Topical term or geographic name entry element Condensed matter
650 ## - SUBJECT ADDED ENTRY--TOPICAL TERM
Topical term or geographic name entry element Solids
9 (RLIN) 519377
650 ## - SUBJECT ADDED ENTRY--TOPICAL TERM
Topical term or geographic name entry element Physics
700 ## - ADDED ENTRY--PERSONAL NAME
Personal name Essler Fabian H L
9 (RLIN) 716915
942 ## - ADDED ENTRY ELEMENTS (KOHA)
Classification part C21, N4
Koha item type Textual
Source of classification or shelving scheme Colon Classification (CC)
Holdings
Withdrawn status Lost status Source of classification or shelving scheme Damaged status Not for loan Home library Current library Date acquired Source of acquisition Total Checkouts Full call number Barcode Date last seen Price effective from Koha item type
    Colon Classification (CC)     Department of Physics and Astrophysics Library Department of Physics and Astrophysics Library 2022-10-07 Navayug,   C21 N4 PA0005098 2022-10-07 2022-10-07 Textual
Copyright @ Delhi University Library System